Vývoj konkurenčnej štruktúry poisťovníctva na Slovensku
Predpísané poistné a poistenosť členských poisťovní Slovenskej asociácie poisťovní. Herfindahl-Hirschmanovho Index (HHI) a koncentrácia poistného trhu. Vývoj HHI na Slovensku v rokoch 1993-2002 má klesajúcu tendenciu. V roku 2002 dosiahol HHI už len hodnotu 1763,5, čo potvrdzuje, že poistný trh na S...
Salvato in:
| Autore principale: | |
|---|---|
| Altri autori: | |
| Natura: | Capitolo di libro |
| Lingua: | slovacco |
| Soggetti: | |
| Tags: |
Nessun Tag, puoi essere il primo ad aggiungerne!!
|
MARC
| LEADER | 00000naa$a2200000$$$4500 | ||
|---|---|---|---|
| 001 | 0022926 | ||
| 005 | 20240502071415.5 | ||
| 041 | 0 | |a slo | |
| 044 | |a SK | ||
| 245 | 1 | 0 | |a Vývoj konkurenčnej štruktúry poisťovníctva na Slovensku |c Eva Kafková, Viera Kyseľová |
| 520 | |a Predpísané poistné a poistenosť členských poisťovní Slovenskej asociácie poisťovní. Herfindahl-Hirschmanovho Index (HHI) a koncentrácia poistného trhu. Vývoj HHI na Slovensku v rokoch 1993-2002 má klesajúcu tendenciu. V roku 2002 dosiahol HHI už len hodnotu 1763,5, čo potvrdzuje, že poistný trh na Slovensku patrí ku stredne koncentrovaným trhom. | ||
| 610 | 2 | 0 | |a poistné |
| 610 | 2 | 0 | |a trh poistný |
| 610 | 2 | 0 | |a koncentrácia |
| 610 | 2 | 0 | |a indexy |
| 610 | 2 | 0 | |a Slovensko |
| 100 | 1 | |a Kafková, Eva | |
| 700 | 1 | |a Kyseľová, Viera | |